000 41739nas1a22032291i 4500
001 RU\NLR\INFOCOMM5\1000345260
005 20240726045755.0
035 _a(NLR Aleph) 002514602
090 _a2709593
_c2709593
100 _a20040420c1965 |||y0rusy50 ca
101 0 _arus
102 _aRU
110 _aayu||||0|y0
200 1 _aМеталлургическое оборудование
_h[Тема]1
_fМ-во тяжелого, энергет. и транспортного машиностроения. Науч.-исслед. ин-т информации по тяжелому, энергет. и транспортному машиностроению. НИИИНФОРМТЯЖМАШ
210 _aМ.
_d1965-
300 _aС 1975г. издание хранится в книжном фонде. Описания см. под частными заглавиями выпусков
430 1 _12001#$aМеталлургическое машиностроение$h[Тема]1
_tМеталлургическое машиностроение
712 0 2 _aНаучно-исследовательский институт информации по тяжелому, энергетическому и транспортному машиностроению
_cМосква
_4570
801 1 _aRU
_bInfoComm
_c20040420
801 0 _aRU
_bNLR
_gPSBO
852 _aNLR
_jП10/3444
852 _aNLR
_bПт
_j14-8/323
852 _aNLR
_bСВТЛ
852 _aNLR
_jФГО
942 _cJOURNAL
980 _aRUSPER